|
|
|
|
| LEADER |
00817nam a22001932a 4500 |
| 001 |
000957982 |
| 003 |
CZ BrMZK |
| 005 |
20120524095159.0 |
| 007 |
ta |
| 008 |
090724s1966 ru er|||||||||||rus d |
| 040 |
|
|
|a ABA001
|b cze
|c ABA001
|d ABA001
|d BOA001
|
| 100 |
1 |
|
|a Kosygin, Aleksej Nikolajevič,
|d 1904-1980
|7 jn20020124006
|4 aut
|
| 245 |
1 |
0 |
|a Direktivy 23 s'jezda KPSS po pjatiletnemu planu razvitija narodnogo chozjajstva SSSR na 1966-1970 gody :
|b doklad i zaključitel'noje slovo predsedatel'ja Soveta ministrov SSSR na XXIII s'jezde KPSS 5 i 7 aprelja 1966 goda /
|c Aleksej Nikolajevič Kosygin
|
| 260 |
|
|
|a Moskva :
|b Politizdat,
|c 1966
|
| 300 |
|
|
|a 79 s.
|
| 910 |
|
|
|a BOA001
|b 1-0557.988
|
| 990 |
|
|
|a BK
|
| 991 |
|
|
|b 200907
|
| 996 |
7 |
|
|b 2619465257
|c 1-0557.988
|l MZK
|r Sklad / do 1 hodiny
|n 0
|w 001090172
|u 000020
|a 1
|e BOA001
|j MZK50
|s A
|